| 000 | 00554nam a2200169 i 4500 | ||
|---|---|---|---|
| 001 | 76026 | ||
| 003 | ES-MaACL | ||
| 007 | t| | ||
| 008 | 040928s1941 sp ||||1| spa d | ||
| 100 | 1 |
_aGubern Salisachs, Luis. _960379 |
|
| 245 | 1 | 0 |
_aBiología y tratamiento de las heridas / _cLuis Gubern Salisachs ; con un prólogo de J. Puig Sureda. |
| 250 | _a[1ª ed.]. | ||
| 260 |
_aBarcelona : _bSalvat, _c1941 ( _fHispano-Americana) |
||
| 300 |
_aXVII, 486 p. : _bil. ; _c25 cm. |
||
| 700 | 1 |
_aPuig Sureda, Juan. _994283 |
|
| 852 |
_aES-MaACL _jE-1622 _bR.26907 |
||
| 999 |
_c76026 _d76026 |
||